01734nam a2200349 a 4500001001000000005001700010008004100027041000800068044000800076084002000084100005000104245012100154250000600275260003000281300002200311500024100333500016900574500010400743500005400847500004400901500001000945546002400955650005700979650006101036650003901097650005001136740005001186902000801236942001101244999001501255952011401270BRCA_321920190320204153.0030309s1770----enka---###---#000-0#eng-# aeng aenk a520b.S77c17701 aCervantes Saavedra, Miguel ded1547-1616921310aThe History and Adventures of the Renowned Don QuixotecTranslated from the Spanish of Miguel de Cervantes Saavedra. a4 aLondresbW. Strahanc1770 a4 v.bil.c18 cm. aContenido : v.1. Primera parte. Vida de Cervantes por Smollett. Advertencia del traductor. Prólogo del autor. -- v.2. Texto. -- v.3. Segunda parte. Prólogo del autor. Aprobaciones y licencia de la edición príncipe. -- v.4. Texto aEdición : To which is Prefixed some Account of the Author´s Life by T. Smollett, Illustrated with 28 new Copper-Plates, designed by Hayman and Elegantly Engraved aEjemplar por completo igual al anterior [519]. Piel; lomeras decoradas con dorados Lúdovik Osterc aEstado físico : Cubierta del vol. 1 desprendida aCon ex-libris de : Stewart Marjoribanks aQM780 aTexto en : inglés14aNovela españolayÉpoca clásica, 1500-1700921514aLiteratura españolayÉpoca clásica, 1500-1700921614aNovela españolaySiglo XVII921714aDon Quijote (Personaje ficticio)eNovela92180 aEl Ingenioso Hidalgo Don Quijote de la Mancha aQFM 2lcccB c2955d2955 00104070aBRCAbBRCAd2009-03-03iQM780l0o520 .S77 1770 (QM780)p3216r2019-03-22 00:00:00w2019-03-22yB